Towards a New Industrial Policy in Nigeria

Uložené v:
Podrobná bibliografia
Hlavný autor: Olaniyan, R. Omotayo
Médium: Kniha
Jazyk:English
Vydavateľské údaje: Budapest Institute for World Economics of the Hungarian Academy of Sciences 1990
Vydanie:1. ed.
Tagy: Pridať tag
Žiadne tagy, Buďte prvý, kto otaguje tento záznam!

MARC

LEADER 00000nam a2200000 4500
001 c021981
005 20221215114545.4
041 0 |a eng 
044 |a HU 
245 1 0 |a Towards a New Industrial Policy in Nigeria  |c R. Omotayo Olaniyan 
250 |a 1. ed. 
264 1 |a Budapest  |b Institute for World Economics of the Hungarian Academy of Sciences  |c 1990 
300 |a 48 s. 
100 1 |a Olaniyan, R. Omotayo